000 00400nam a22001337a 4500
082 _a627.5
_bGAR
_cL-38, P-94
100 _aGarg, Santosh Kumar
_925137
245 _aIrrigation engineering and hydraulic structures
_cSantosh Kumar Garg
260 _aDelhi
_bKhanna Publishers
_c2008
300 _axxxi, 1594 p. :
526 _a0
_b0
_c0
_d627_500000000000000_GAR
650 _aMCE
_9379
942 _2ddc
_cBK
999 _c547876
_d547876